000 00270nam a2200097Ia 4500
005 20251222114344.0
008 251222s1900||||xx |||||||||||||| ||spa||
082 _aDVD0192/F51/2004
245 0 _aConferencia: el siglo luminoso. El arte italiano en la edad media :
942 _cDVD
999 _c977
_d977